Unit operations of chemical engineering (Record no. 3799)

000 -LEADER
fixed length control field 00652nam a2200241 a 4500
001 - CONTROL NUMBER
control field 3799
003 - CONTROL NUMBER IDENTIFIER
control field BD-DhUET
008 - FIXED-LENGTH DATA ELEMENTS--GENERAL INFORMATION
fixed length control field 850523s1985 nyua b 001 0 eng
020 ## - INTERNATIONAL STANDARD BOOK NUMBER
International Standard Book Number 0070448280
040 ## - CATALOGING SOURCE
Modifying agency BD-DhUET
Transcribing agency 0
082 0# - DEWEY DECIMAL CLASSIFICATION NUMBER
Classification number 660.2842
Item number MCC/1985
100 1# - MAIN ENTRY--PERSONAL NAME
Personal name McCabe, Warren L.
245 10 - TITLE STATEMENT
Title Unit operations of chemical engineering
250 ## - EDITION STATEMENT
Edition statement 4th ed.
260 ## - PUBLICATION, DISTRIBUTION, ETC. (IMPRINT)
Place of publication, distribution, etc. New York
Name of publisher, distributor, etc. McGraw-Hill
Date of publication, distribution, etc. 1985
300 ## - PHYSICAL DESCRIPTION
Extent x, 960 p.
Other physical details ill.
Dimensions 25 cm.
490 1# - SERIES STATEMENT
Series statement McGraw-Hill chemical engineering series
504 ## - BIBLIOGRAPHY, ETC. NOTE
Bibliography, etc Includes bibliographies
650 #0 - SUBJECT ADDED ENTRY--TOPICAL TERM
Topical term or geographic name as entry element Chemical Processer
700 1# - ADDED ENTRY--PERSONAL NAME
Personal name Smith, Julian C.
700 1# - ADDED ENTRY--PERSONAL NAME
Personal name Harriott, Peter.
942 ## - ADDED ENTRY ELEMENTS (KOHA)
Koha item type General Book
Holdings
Koha date last borrowed Koha date last seen Sublocation or collection (holding branch) Copy number Damaged status Lost status Withdrawn status Location (home branch) Koha normalized classification for sorting Price effective from Not for loan Shelving location Koha issues (times borrowed) Koha full call number Piece designation (barcode) Source of classification or shelving scheme Koha item type Date acquired
 2016-10-23Central Library, BUET1   Central Library, BUET660_000000000000000_2842MCC1982014-11-05 Circulation section 660.2842/MCC/198572739 General Book2014-11-05
 2014-11-05Central Library, BUET2   Central Library, BUET660_000000000000000_2842MCC1982014-11-05 Circulation section 660.2842/MCC/198577549 General Book2014-11-05
2018-11-142018-12-04Central Library, BUET3   Central Library, BUET660_000000000000000_2842MCC1982014-11-05 Circulation section2660.2842/MCC/198577550 General Book2014-11-05
 2015-07-01Central Library, BUET4   Central Library, BUET660_284200000000000_MCC_19852015-07-01 Reading section 660.2842/MCC/198568731 Reading Item2015-07-01
 2024-11-25Central Library, BUET৪/ক-১   Central Library, BUET660_284200000000000_MCC_19852024-11-25 Rental section 660.2842 MCC/198573910 Rental Item1989-06-27
 2024-11-25Central Library, BUET৪/ক-২   Central Library, BUET660_284200000000000_MCC_19852024-11-25 Rental section 660.2842 MCC/198573911 Rental Item1989-06-27
 2024-11-25Central Library, BUET৪/ক-৩   Central Library, BUET660_284200000000000_MCC_19852024-11-25 Rental section 660.2842 MCC/198573912 Rental Item1989-06-27
 2024-11-25Central Library, BUET৪/ক-৪   Central Library, BUET660_284200000000000_MCC_19852024-11-25 Rental section 660.2842 MCC/198573913 Rental Item1989-06-27
 2024-11-25Central Library, BUET৪/ক-৫   Central Library, BUET660_284200000000000_MCC_19852024-11-25 Rental section 660.2842 MCC/198573914 Rental Item1989-06-27
 2024-11-25Central Library, BUET৪/ক-৬   Central Library, BUET660_284200000000000_MCC_19852024-11-25 Rental section 660.2842 MCC/198573915 Rental Item1989-06-27
 2024-11-25Central Library, BUET৪/ক-৭   Central Library, BUET660_284200000000000_MCC_19852024-11-25 Rental section 660.2842 MCC/198573916 Rental Item1989-06-27
 2024-11-25Central Library, BUET৪/ক-৮   Central Library, BUET660_284200000000000_MCC_19852024-11-25 Rental section 660.2842 MCC/198573917 Rental Item1989-06-27
 2024-11-25Central Library, BUET৪/ক-৯   Central Library, BUET660_284200000000000_MCC_19852024-11-25 Rental section 660.2842 MCC/198573918 Rental Item1989-06-27
 2024-11-25Central Library, BUET৪/ক-১০   Central Library, BUET660_284200000000000_MCC_19852024-11-25 Rental section 660.2842 MCC/198573919 Rental Item1989-06-27
 2024-11-25Central Library, BUET৪/ক-২৫   Central Library, BUET660_284200000000000_MCC_19852024-11-25 Rental section 660.2842 MCC/198573934 Rental Item1989-06-27
 2024-11-25Central Library, BUET৪/ক-২৬   Central Library, BUET660_284200000000000_MCC_19852024-11-25 Rental section 660.2842 MCC/198573935 Rental Item1989-06-27